000 00730nam a2200181Ia 4500
008 090123s9999 xx 000 0 und d
082 _b31547
_a891.463/पांढरी
100 _aपांढरीपांडे विजय
245 _aनव्या शतकाच्या उंबरठ्यावर
250 _a1
260 _bमेनका प्रकाशन
_c2000
300 _a300
600 _aपांढरीपांडे विजय
630 _aनव्या शतकाच्या उंबरठ्यावर
700 _aपांढरीपांडे विजय
730 _aनव्या शतकाच्या उंबरठ्यावर
942 _cBOOK
999 _c69606
_d69606